Actors who worked with George Miller - Statistics

General Stats
  • This quiz has been taken 31 times
  • The average score is 22 of 76
Answer Stats
Hint Answer % Correct
Happy Feet, Happy Feet Two Robin Williams
87%
Mad Max: Fury Road Tom Hardy
87%
Furiosa: A Mad Max Saga Anya Taylor-Joy
80%
Mad Max: Fury Road Charlize Theron
80%
Happy Feet, Happy Feet Two Elijah Wood
80%
Happy Feet Two Brad Pitt
73%
Furiosa: A Mad Max Saga Chris Hemsworth
73%
Happy Feet Hugh Jackman
73%
Happy Feet Two Matt Damon
73%
Mad Max, Mad Max 2, Mad Mad Beyond Thunderdome Mel Gibson
73%
The Witches of Eastwick Cher
67%
The Witches of Eastwick Jack Nicholson
67%
The Witches of Eastwick, Lorenzo's Oil Susan Sarandon
67%
Mad Mad Beyond Thunderdome Tina Turner
67%
Happy Feet, Happy Feet Two, Babe: Pig in the City Hugo Weaving
60%
Three Thousand Years of Longing Idris Elba
60%
Three Thousand Years of Longing Sabriana Elba
60%
Three Thousand Years of Longing Tilda Swinton
60%
The Witches of Eastwick Michelle Pfeiffer
53%
Lorenzo's Oil Nick Nolte
53%
Happy Feet Two Pink
53%
Mad Max: Fury Road Zoe Kravitz
53%
Mad Max: Fury Road Nicholas Hoult
47%
Happy Feet Nicole Kidman
47%
The Witches of Eastwick Richard Jenkins
47%
Happy Feet Brittany Murphy
33%
The Witches of Eastwick Veronica Cartwright
33%
Mad Max 2, Mad Mad Beyond Thunderdome Bruce Spence
27%
Mad Max: Fury Road, Mad Max Hugh Keays-Byrne
27%
Mad Max: Fury Road, Furiosa: A Mad Max Saga Nathan Jones
27%
Happy Feet Two Sofia Vergara
27%
Furiosa: A Mad Max Saga Tom Burke
27%
Happy Feet, Happy Feet Two, Babe: Pig in the City, Lorenzo's Oil E. G. Daily
20%
Happy Feet Two Hank Azaria
20%
Babe: Pig in the City James Cromwell
20%
Happy Feet, Happy Feet Two Johnny A. Sanchez
20%
Happy Feet, Happy Feet Two, Babe: Pig in the City Magda Szubanski
20%
Mad Max: Fury Road Riley Keough
20%
Mad Max: Fury Road Rosie Huntington-Whiteley
20%
Furiosa: A Mad Max Saga Alyla Browne
13%
Happy Feet, Happy Feet Two Anthony LaPaglia
13%
Happy Feet Two Common
13%
Babe: Pig in the City Mickey Rooney
13%
Happy Feet Steve Irwin
13%
Mad Max 2 Vernon Wells
13%
Three Thousand Years of Longing Aamito Lagum
7%
Mad Mad Beyond Thunderdome Adam Cockburn
7%
Mad Mad Beyond Thunderdome Angelo Rossitto
7%
Lorenzo's Oil Ann Dowd
7%
Babe: Pig in the City Danny Mann
7%
Furiosa: A Mad Max Saga, Three Thousand Years of Longing David Collins
7%
Three Thousand Years of Longing Ece Yüksel
7%
Furiosa: A Mad Max Saga Elsa Pataky
7%
Three Thousand Years of Longing Erdil Yasaroglu
7%
Mad Mad Beyond Thunderdome Helen Buday
7%
Lorenzo's Oil James Rebhorn
7%
Mad Max Joanne Samuel
7%
Mad Max: Fury Road, Furiosa: A Mad Max Saga Josh Helman
7%
Mad Max 2 Kjell Nilsson
7%
Furiosa: A Mad Max Saga Lachy Hulme
7%
Babe: Pig in the City Mary Stein
7%
Mad Max 2 Max Phipps
7%
Happy Feet, Babe: Pig in the City Miriam Margolyes
7%
Three Thousand Years of Longing Nicholas Mouawad
7%
Lorenzo's Oil Peter Ustinov
7%
Mad Max Roger Ward
7%
Three Thousand Years of Longing Seyithan Özdemir
7%
Mad Max Steve Bisley
7%
Mad Max, Furiosa: A Mad Max Saga Tim Burns
7%
Happy Feet Aldis Hodge
0%
Furiosa: A Mad Max Saga George Shevtsov
0%
Mad Max: Fury Road, Furiosa: A Mad Max Saga John Howard
0%
Lorenzo's Oil Laura Linney
0%
Mad Max 2 Michael Preston
0%
Three Thousand Years of Longing Sarah Houbolt
0%
Mad Max, Three Thousand Years of Longing Vincent Gil
0%
No matching quizzes found
Score Distribution
Percent of People with Each Score
Percentile by Number Answered
Your Score History
You have not taken this quiz